00848nam a2200229Ia 4500003000400000005001700004008004100021020002200062040000700084041000800091082002200099100004600121245008500167260003000252300001700282365001400299650003600313906008900349942001200438999001900450952014900469OSt20230502153932.0210423s2019 xx 000 0 und d a978-0-367-20283-5 cAL aeng a615.19 223bKATE aKATDARE (Ashok);CHAUBAL (Mahesh V)996353 aExcipient development for pharmaceutical biotechnology and drug delivery systems aNew YorkbCRC Pressc2019 axvii,452bHB b3995cINR aPharmaceutical Chemistry996354 abiotechnology ; delivery ; development ; drug ; Excipient ; pharmaceutical ; systems 2ddccBK c170710d170710 001040708ACaSACPGbSACPGd2020-03-11eBiblios Book Pointg3995.00l1o615.19 KATEpPG017212r2024-01-16 00:00:00s2024-01-08w2021-04-26yBK